000 01241nam a2200217Ia 4500
003 OSt
005 20241028133211.0
007 ca aa aaaaa
008 201103s9999 xx 000 0 und d
040 _cSSBUL
041 _abur
082 _223
_a၂၉၄.၃၄ တောင်
_b၉၁၉၀ S-SAT
100 0 _aတောင်ပုလုတောရကမ္ဘာအေးဆရာတော်ဘုရားကြီး
245 1 0 _aကာယဂတာသတိပဋ္ဌာန်ကျင့်စဉ် (အင်္ဂလိပ်-မြန်မာ-နှစ်ဘာသာ) /
_cတောင်ပုလုတောရကမ္ဘာအေးဆရာတော်ဘုရားကြီး။
250 _aဒုတိယအကြိမ်။
260 _aရန်ကုန် ၊
_bတောင်ပုလု ပဋိပတ္တိသာသနာနုဂ္ဂဟအဖွဲ့၊
_c၁၉၈၁။
300 _a[၅၆] စာမျက်နှာ၊
_c၁၈ စင်တီ။
500 _a အင်္ဂလိပ်-မြန်မာနှစ်ဘာသာဖြင့်ရေးသားထားသည်။ S-SAT: Dr Sai Aung Tun
650 _aသတိပဌာန်
_954919
942 _2ddc
_cBK1
999 _c16726
_d16726